Specifika tlumočení pro neslyšící /

Hlavní autor: Červinková Houšková, Kateřina, 1975-
Jazyk: Čeština
Vydáno: Praha : Česká komora tlumočníků znakového jazyka, c2008
Vydání: 2., opr. vyd.
Témata:
Externí odkaz: Digitalizovaný dokument
Fyzický popis: 85 s. : il. ; 21 cm
Knihy
Uloženo v:
LEADER 01771nam a2200445 a 4500
001 nkc20081810848
003 CZ PrNK
005 20240405203639.0
007 ta
008 090122s2008 xr a e f 000 0 cze
015 |a cnb001810848 
020 |z 978-80-87153-57-4  |q (soubor ;  |q brož.) 
020 |a 978-80-87218-33-4  |q (brož.) 
020 |z 978-80-87153-59-8  |q (2. sv. ;  |q DVD) 
035 |a (OCoLC)316674426 
040 |a ABA001  |b cze 
072 7 |a 81  |x Lingvistika. Jazyky  |2 Konspekt  |9 11 
080 |a 81'221.24  |2 MRF 
080 |a 81'25  |2 MRF 
080 |a (035)  |2 MRF 
100 1 |a Červinková Houšková, Kateřina,  |d 1975-  |7 js20080203037  |4 aut 
245 1 0 |a Specifika tlumočení pro neslyšící /  |c Kateřina Červinková Houšková 
250 |a 2., opr. vyd. 
260 |a Praha :  |b Česká komora tlumočníků znakového jazyka,  |c c2008 
300 |a 85 s. :  |b il. ;  |c 21 cm 
500 |a 2. vyd. publikace bez DVD 
500 |a Vydáno v rámci projektu Vyškolení lektorů a vytvoření výukových materiálů pro tlumočníky znakového jazyka, transliterátory znakované češtiny a vizualizátory mluvené češtiny 
504 |a Obsahuje bibliografii 
650 0 7 |a znakový jazyk  |7 ph116781  |2 czenas 
650 0 7 |a tlumočení  |7 ph126669  |2 czenas 
650 0 9 |a sign language  |2 eczenas 
650 0 9 |a interpretation  |2 eczenas 
655 7 |a příručky  |7 fd133209  |2 czenas 
655 9 |a handbooks and manuals  |2 eczenas 
856 4 1 |u http://www.digitalniknihovna.cz/mzk/uuid/uuid:fa979280-be52-11e3-aec3-005056827e52  |y Digitalizovaný dokument  |x NDK 
910 2 |a BOA001  |b 2-1220.110 
990 |a BK 
995 |a 01 
991 |b 200903  |c NOV 
996 6 |b 2610370493  |c 2-1220.110  |l MZK  |r Sklad / do 1 hodiny  |n 14  |p p.v.  |w 000932506  |u 000010  |a 1  |e BOA001  |j MZK50  |s P